The Kalahari environment

Αποθηκεύτηκε σε:
Λεπτομέρειες βιβλιογραφικής εγγραφής
Κύριος συγγραφέας: Thomas, David S. G.
Άλλοι συγγραφείς: Shaw, Paul A.
Μορφή: Βιβλίο
Γλώσσα:English
Δημοσίευση: Cambridge : Cambridge University Press, c1991.
Θέματα:
Ετικέτες: Προσθήκη ετικέτας
Δεν υπάρχουν, Καταχωρήστε ετικέτα πρώτοι!

MARC

LEADER 00000cam a2200000 i 4500
001 1/190
008 000403s1991 enk| ||| |||| ||eng||
020 |a 0521370809 
035 |l 10059571 
040 |a GR-MyUa  |b gre  |e AACR2 
041 0 |a eng 
082 7 |a 551.415096883   |2 (22) 
100 1 |a Thomas, David S. G. 
245 1 4 |a The Kalahari environment /   |c David S.G. Thomas and Paul A. Shaw. 
260 |a Cambridge :   |b Cambridge University Press,   |c c1991. 
300 |a 284 σ. :   |b εικ. ;   |c 24 εκ. 
504 |a Περιλαμβάνει βιβλιογραφικές παραπομπές και ευρετήριο. 
651 0 |a Kalahari Desert. 
700 1 |a Shaw, Paul A. 
852 |a INST  |b LESVOS  |e 20000403  |h 551.415096883 THO  |p 005100020235  |q 005100020235  |t BK  |y 0 
901 |a BIBL1-2000-1 
922 |a 1ΕΛΗ  |b 200003  |c ΚΠΣ/ΤΓ  |d LEADER 
950 |a 118-1999-09-20 
970 |a ΤΖΑΦΕΡΗ  |b ΕΥΑΓΓΕΛΙΑ  |z 2000/04/20